01868nam a2200241Ia 4500001000600000003000900006008004100015040001300056040001300069041001300082100001800095100002900113245008300142245008300225250001100308260001100319260001500330260004900345300005600394500111300450650003201563650003101595H2730IT-RoPAU130308s9999 xx 000 0 und d aIT-RoPAU cIT-RoPAU aITALIANO aBurman Edward gCodice Aut. SPICS: 57105 aInternet nuovo leviatano. Verso il futuro paradigma di pensiero e di business bInternet Nuovo Leviatano. Verso Il futuro paradigma di pensiero e di Business a1a ed. aMILANO bEtas Libri c2002 [1° Ed.:2002 - Ed.Ling.Originale:2002] a"160 p. (prefazione: 20; testo: 140 [pagine: 0-0])" a"Prefazione di Richard Normann. Thomas Kuhn e Internet: Rivoluzione Scientifica; Novità di Fatto: Scoperte; Novità Teoriche: L'Invenzione; Rivoluzione del Business; Pre Paradigmi. internet Prima del Paradigma: Pre Paradigmi: Arpanet, Browser, Negroponte, B2Qualcuno, Napster, della ""E"" Parola; Funzione dei Pre Paradigmi; riviste Pre Paradigma: Wired, red Herring, The Industry Standard. Crisi e Risposta: Verso un Nuovo paradigma di Business; invenzione di una Nuova Economia; Crisi del mercato Azionario. Dall'Apparenza Alla Realta': Rivoluzione delle Telecomunicazioni; globalizzazione e Internet; globalizzazione e Modernita'; conseguenze Sociali e Culturali; Mito dell'Eta'; Due Culture?; paradigma di internet Finora. soluzione della Rivoluzione: Dalla Rivoluzione al Paradigma; fase tecnologica (1969 1995 Circa); fase del Modello di business (1995 2000); fase del cambiamento delle Abitudini (2001 ?); Vita delle Aziende; Vita Personale degli Individui. Nuovo Paradigma: Verso Il Nuovo Paradigma: Comunicazione, Linguaggio e Ideologia; Nuovo Paradigma: Connettività Invisibile. Bibliografia." aSAGGI SULLA MULTIMEDIALITA' eCodice materia Spics: 4257